00451nam a22001457a 4500020001500000082001500015100002200030245004700052260004500099300000800144650002400152942000700176952010500183999001700288 a0199451818 a320.54 VAI aVaithees, V. Ravi aReligion , Caste and Nation In South India aNew DelhibOxford University Pressc2015 a347 aNationalism - India cBK 00104070aHMIbHMId2017-02-21eFlipkartg925.00l0o320.54 VAIp25158r2017-02-21w2017-02-21yBK c20292d20292